Úspešný je iba jeden projekt Príloha

Kapitálový vstup EBOR a know-how, ktoré Poľnobanka získala od EBOR. Najvýznamnejšie zmluvy. Úverovanie. Hodnotenie projektu podniku. Finanční akcionári Poľnobanky: Unikredito, S.p.A. Verona a Finest, S.p.A. Milano.

Salvato in:
Dettagli Bibliografici
Autore principale: Holík, V.
Natura: Capitolo di libro
Lingua:slovacco
Soggetti:
Tags: Aggiungi Tag
Nessun Tag, puoi essere il primo ad aggiungerne!!

MARC

LEADER 00000naa a2200000 4500
001 r021802
005 20251104123838.4
041 0 |a slo 
044 |a SK 
245 1 0 |a Úspešný je iba jeden projekt  |b Príloha  |c V. Holík 
520 |a Kapitálový vstup EBOR a know-how, ktoré Poľnobanka získala od EBOR. Najvýznamnejšie zmluvy. Úverovanie. Hodnotenie projektu podniku. Finanční akcionári Poľnobanky: Unikredito, S.p.A. Verona a Finest, S.p.A. Milano. 
610 2 0 |a bankovníctvo 
610 2 0 |a banky 
610 2 0 |a Poľnobanka, a.s. Bratislava 
610 2 0 |a Európska banka pre obnovu a rozvoj 
610 2 0 |a kapitál zahraničný 
610 2 0 |a kapitál bankový 
610 2 0 |a know-how 
610 2 0 |a úver 
610 2 0 |a akcionári 
610 2 0 |a Unikredito, S.p.A. Verona 
610 2 0 |a Finest, S.p.A. Milano 
100 1 |a Holík, V.